000 00735nam a2200229Ia 4500
003 GCL
008 140319s9999 xx 000 0 ara d
040 _aGCL /
_cGCL
082 0 4 _a327.112
_bع ث
100 1 _aعلى جمالو
245 1 0 _aثرثرة فوق الفرات: النزاع على المياه فى الشرق الاوسط /
_cعلى جمالو
300 _a125 ص
490 _aالهيئة العامة للاستعلامات
_v0
650 0 4 _aالعراق
650 0 4 _aالشرق الاوسط
650 0 4 _aالمنازعات الدولية
650 0 4 _aالمياه
650 0 4 _aالمياه الاقليمية
650 0 4 _aالفرات
650 0 4 _aالجامعة العربية
942 _2ddc
_cBK
999 _c47725
_d47725